000 00345 a2200157 4500
001 75284
020 _a8508045034
040 _cAnchieta - Colégio São Paulo
100 _aGuimarães, Bernardo
240 1 0 _aO seminarista
_lpor
245 1 0 _aO seminarista
300 _a102
362 0 _a1998
650 4 _aFicção portuguesa
942 _cBK
999 _c75284
_d75284